000 00333 a2200145 4500
001 154288
040 _cEscola São Tomás de Aquino
100 _aSABINO, Fernando
240 1 0 _aA árvore generosa
_lpor
245 1 0 _aA árvore generosa
362 0 _a2006
440 1 _aCosac Naify
697 _a*LITERATURA INFANTO
942 _cBK
999 _c154288
_d154288